|
|
|
|
| LEADER |
01394nam a2200361 4500 |
| 001 |
DLU130147530 |
| 005 |
##20130513 |
| 020 |
# |
# |
|a 9786049282119
|
| 040 |
# |
# |
|a DLU
|b vie
|
| 041 |
# |
# |
|a vie
|
| 044 |
# |
# |
|a vn
|
| 082 |
# |
# |
|a 338.477
|b TA-L
|
| 100 |
# |
# |
|a Tạ Long.
|
| 245 |
# |
# |
|a Sự phát triển của làng nghề La Phù /
|c Tạ Long, Trần Thị Hồng Yến, Nguyễn Thị Thanh Bình; Hội Văn nghệ Dân gian Việt Nam.
|
| 260 |
# |
# |
|a H. :
|b Thời đại,
|c 2012.
|
| 300 |
# |
# |
|a 294 tr. ;
|c 21 cm.
|
| 504 |
# |
# |
|a Tài liệu tham khảo: tr.285.
|
| 505 |
# |
# |
|a Chương I. Sơ lược về địa lý, lịch sử, dân cư và bối cảnh phát triển -- Chương II. Sự phát triển ngành nghề ở La Phù -- Chương III. Những kết quả phát triển sau bước chuyển đổi -- Chương IV. Sự phát triển nghề của các xóm và dòng họ -- Chương V. Sự biến đổi trong lối sống văn hoá.
|
| 650 |
# |
# |
|a Làng
|z Việt Nam.
|
| 650 |
# |
# |
|a Nghề thủ công
|z Việt Nam.
|
| 700 |
# |
# |
|a Nguyễn Thị Thanh Bình
|
| 700 |
# |
# |
|a Trần Thị Hồng Yến.
|
| 710 |
# |
# |
|a Hội Văn nghệ Dân gian Việt Nam.
|
| 923 |
# |
# |
|a 09/2012
|
| 992 |
# |
# |
|a 11800
|
| 994 |
# |
# |
|a DLU
|
| 900 |
# |
# |
|a True
|
| 911 |
# |
# |
|a Đào Thị Thu Huyền
|
| 925 |
# |
# |
|a G
|
| 926 |
# |
# |
|a A
|
| 927 |
# |
# |
|a SH
|
| 980 |
# |
# |
|a Thư viện Trường Đại học Đà Lạt
|